000 00317nam a22001337a 4500
003 SGT
020 _a9788179104774
082 _a428.007,JAI
100 _aJAIN PRAVEEN M
245 _aMETHODOLOGY OF TEACHING ENGLISH
260 _aJAIPUR
_bAAVISHKAR PUBLISHERS DISTRIBUTORS
_c2014
300 _a237
942 _2ddc
_cBK
999 _c33989
_d33989